[Event "Ghent Eastman op 41st"]
[Site "Ghent"]
[Date "2018.07.16"]
[Round "6"]
[White "Vinke, Maarten"]
[Black "Arman, Deniz"]
[Result "1/2-1/2"]
[WhiteElo "2138"]
[BlackElo "2366"]
[PlyCount "76"]
[EventDate "2018.07.14"]
[EventType "swiss"]
[EventRounds "9"]
[EventCountry "BEL"]
[SourceTitle "CBM 185 Extra"]
[Source "ChessBase"]
[SourceDate "2018.07.29"]
[SourceVersion "1"]
[SourceVersionDate "2018.07.29"]
[SourceQuality "1"]

1. e4 d5 2. exd5 Qxd5 3. Nc3 Qd6 4. d4 Nf6 5. Bc4 a6 6. Nge2 b5 7. Bb3 Bb7 8. Bf4 Qd8 9. 0-0 e6 10. Ng3 c5 11. dxc5 Qxd1 12. Raxd1 Nbd7 13. Rfe1 Nxc5 14. Nf5 Nxb3 15. axb3 b4 16. Na4 Be4 17. Nb6 Rd8 18. Rxd8+ Kxd8 19. Rd1+ Ke8 20. Nd6+ Bxd6 21. Bxd6 Nd5 22. Nxd5 exd5 23. Rd2 f6 24. Bxb4 Kf7 25. c3 Rd8 26. f3 Bf5 27. Kf2 Be6 28. Rd4 Rb8 29. Ke3 Rb5 30. Ba3 Rxb3 31. Rb4 Rxb4 32. Bxb4 Bd7 33. Kd4 Ke6 34. Bf8 g5 35. g3 h5 36. b4 Bb5 37. Ke3 Bc4 38. Bc5 Kf5 1/2-1/2

[Event "Ghent Taminco op 39th"]
[Site "Ghent"]
[Date "2016.07.17"]
[Round "3"]
[White "Vinke, Maarten"]
[Black "Djuric, Stefan"]
[Result "1-0"]
[WhiteElo "2129"]
[BlackElo "2420"]
[PlyCount "112"]
[EventDate "2016.07.16"]
[EventType "swiss"]
[EventRounds "9"]
[EventCountry "BEL"]
[SourceTitle "CBM 173 Extra"]
[Source "ChessBase"]
[SourceDate "2016.08.29"]
[SourceVersion "1"]
[SourceVersionDate "2016.08.29"]
[SourceQuality "1"]

1. e4 c5 2. Nc3 e6 3. g3 d5 4. exd5 exd5 5. Bg2 Nf6 6. Nge2 Nc6 7. d4 Bg4 8. h3 cxd4 9. Nxd5 Nxd5 10. hxg4 Bb4+ 11. Bd2 Qa5 12. Rh5 0-0-0 13. a3 Bxd2+ 14. Qxd2 Qxd2+ 15. Kxd2 Nf6 16. Rc5 Kc7 17. b4 Rhe8 18. g5 Nd7 19. Rf5 Nde5 20. Bxc6 Kxc6 21. Rh1 d3 22. cxd3 Nxd3 23. Kc3 Rxe2 24. Rd1 g6 25. Rf6+ Rd6 26. Rxd6+ Kxd6 27. Rxd3+ Ke6 28. Rf3 Re5 29. Rd3 Rxg5 30. Rd8 Rf5 31. f4 Rd5 32. Re8+ Kf6 33. g4 h5 34. gxh5 Rxh5 35. Rb8 Rh3+ 36. Kb2 b6 37. Rb7 Rf3 38. Rxa7 Rxf4 39. Ra6 g5 40. Rxb6+ Ke7 41. Rb8 g4 42. b5 Kd6 43. Kb3 Kc5 44. a4 Rf3+ 45. Kc2 Ra3 46. Rf8 g3 47. Rg8 f5 48. Rg5 Rf3 49. Kd2 Kd4 50. b6 Rf2+ 51. Kc1 Rf1+ 52. Kc2 Rf2+ 53. Kb3 Rf3+ 54. Kb4 f4 55. b7 Rf1 56. Ka5 Rb1 1-0

[Event "Ghent Taminco op 38th"]
[Site "Ghent"]
[Date "2015.07.19"]
[Round "4"]
[White "Froeyman, Helmut"]
[Black "Vinke, Maarten"]
[Result "1-0"]
[WhiteElo "2278"]
[BlackElo "2104"]
[PlyCount "133"]
[EventDate "2015.07.18"]
[EventType "swiss"]
[EventRounds "9"]
[EventCountry "BEL"]
[SourceTitle "CBM 167 Extra"]
[Source "ChessBase"]
[SourceDate "2015.09.14"]
[SourceVersion "1"]
[SourceVersionDate "2015.09.14"]
[SourceQuality "1"]

1. e4 e5 2. Nf3 Nc6 3. Bb5 a6 4. Ba4 Nf6 5. 0-0 Be7 6. Re1 b5 7. Bb3 0-0 8. a4 Bb7 9. d3 d6 10. Nbd2 h6 11. Nf1 Re8 12. Ng3 Bf8 13. c3 Qd7 14. h3 g6 15. Nh2 Bg7 16. Ng4 Nxg4 17. Qxg4 Qxg4 18. hxg4 b4 19. f3 a5 20. Kf2 Rab8 21. Bc4 bxc3 22. bxc3 Ne7 23. Bd2 Bc6 24. Reb1 d5 25. Bb5 dxe4 26. dxe4 Red8 27. Ke2 Bb7 28. Be3 Bc8 29. Ba7 Rb7 30. Bc5 Bf8 31. Be3 Be6 32. Ba6 Rb3 33. Rxb3 Bxb3 34. Nf1 Nc8 35. Nd2 Be6 36. Nc4 Bxc4+ 37. Bxc4 Nd6 38. Ba2 Nb7 39. Rb1 Nc5 40. Bxc5 Bxc5 41. Rb5 Bb6 42. Rxe5 Kf8 43. Rb5 Rd6 44. Bd5 f5 45. c4 fxe4 46. fxe4 Bd4 47. Rxa5 Rf6 48. e5 Bxe5 49. Bf3 Rb6 50. Rxe5 Rb4 51. Rc5 Rxa4 52. Rxc7 g5 53. Kd3 Ra1 54. Ke4 Ke8 55. Kf5 Kd8 56. Rc6 Rc1 57. Kg6 Rh1 58. Kg7 Kd7 59. Rxh6 Rc1 60. Bd5 Re1 61. Kg6 Re5 62. Rh5 Re1 63. Kxg5 Kd6 64. Rh6+ Kc5 65. Re6 Rf1 66. Kg6 Rf4 67. g5 1-0

[Event "Ghent Taminco op 36th"]
[Site "Ghent"]
[Date "2013.07.22"]
[Round "5"]
[White "Geirnaert, Steven"]
[Black "Vinke, Maarten"]
[Result "1-0"]
[WhiteElo "2410"]
[BlackElo "2143"]
[PlyCount "63"]
[EventDate "2013.07.20"]
[EventType "swiss"]
[EventRounds "9"]
[EventCountry "BEL"]
[SourceTitle "CBM 155 Extra"]
[Source "ChessBase"]
[SourceDate "2013.08.26"]
[SourceVersion "1"]
[SourceVersionDate "2013.08.26"]
[SourceQuality "1"]

1. d4 Nf6 2. c4 e6 3. Nc3 d5 4. cxd5 exd5 5. Bg5 Be7 6. e3 0-0 7. Bd3 h6 8. Bxf6 Bxf6 9. Nf3 Re8 10. 0-0 c6 11. Qc2 Be7 12. Rab1 Bd6 13. b4 Bg4 14. Nd2 a6 15. Rfc1 Qg5 16. Nf1 f5 17. Kh1 Rf8 18. f3 Bh5 19. Na4 Nd7 20. Nc5 Bxc5 21. bxc5 Rab8 22. f4 Qf6 23. Ng3 Bg6 24. Rb3 Qe6 25. Nf1 Nf6 26. Rcb1 Ng4 27. Bxa6 Ra8 28. Bxb7 Ra7 29. h3 Rb8 30. Bxc6 Rxb3 31. Qxb3 Qxc6 32. Qb8+ 1-0

[Event "Hoogeveen Unive op 15th"]
[Site "Hoogeveen"]
[Date "2011.10.16"]
[Round "3"]
[White "De Groot, Hendrik"]
[Black "Vinke, Maarten"]
[Result "1/2-1/2"]
[WhiteElo "1953"]
[BlackElo "2032"]
[PlyCount "160"]
[EventDate "2011.10.14"]
[EventType "swiss"]
[EventRounds "9"]
[EventCountry "NED"]
[SourceTitle "CBM 144 Extra"]
[Source "ChessBase"]
[SourceDate "2011.10.28"]
[SourceVersion "1"]
[SourceVersionDate "2011.10.28"]
[SourceQuality "1"]

1. Nf3 c5 2. g3 Nc6 3. Bg2 d5 4. c4 e6 5. 0-0 Nf6 6. b3 Be7 7. d3 0-0 8. Bb2 d4 9. e3 e5 10. exd4 exd4 11. Na3 Bf5 12. Nc2 a5 13. a3 Qc7 14. b4 axb4 15. axb4 Rxa1 16. Bxa1 b6 17. Re1 Bd6 18. Qd2 h6 19. Nh4 Bh7 20. bxc5 bxc5 21. Bh3 Ne5 22. Bf1 g5 23. Rxe5 Bxe5 24. Nf3 Ra8 25. Nxg5 hxg5 26. Qxg5+ Kh8 27. f4 Rg8 28. Qxe5 Qxe5 29. fxe5 Ng4 30. Nxd4 cxd4 31. Bxd4 Rd8 32. Bc3 Ne3 33. Be2 Nf5 34. Kf2 Kg8 35. g4 Nd4 36. Bxd4 Rxd4 37. Ke3 Rd8 38. d4 Kf8 39. d5 Ke7 40. Kd4 Ra8 41. Bf3 Ra3 42. d6+ Kd7 43. Bd5 Rd3+ 44. Kc5 Re3 45. Bc6+ Kd8 46. Kb6 Rxe5 47. c5 Be4 48. Bb5 Rg5 49. h3 Rg6 50. Bc4 Rf6 51. g5 Rf4 52. Bb5 Bd5 53. c6 Bxc6 54. Kxc6 Rh4 55. Kd5 Rxh3 56. Ke5 Rf3 57. Bc6 Rf1 58. Be4 Re1 59. Kd5 Rg1 60. Ke5 Rxg5+ 61. Kf6 Rg4 62. Bf5 Rf4 63. Ke5 Rf1 64. Kf6 Ke8 65. Ke5 Kf8 66. Kf6 Rf2 67. d7 Rd2 68. Bg4 Rd6+ 69. Ke5 Ke7 70. Bh3 Ra6 71. Bf5 Rb6 72. Kf4 f6 73. Bh3 Rb4+ 74. Kf5 Rd4 75. Kg6 Rd3 76. Bg4 Rg3 77. Kf5 Kxd7 78. Kf4+ Rxg4+ 79. Kxg4 Ke6 80. Kf4 f5 1/2-1/2